000 00436nam a2200181Ia 4500
001 23556
005 20260414150945.0
008 260414t1998||||xx |||||||||||||| ||spa||
041 _aESP
082 _a663.420985
_bG22
100 _aCervesur
_eAUT
245 0 _aCervesur un siglo bajo el sol (1898 - 1998)
_b
260 _c1998
300 _a190 páginas :
_c31 cm.
650 _aTCA
654 _aCII
942 _cLIB
_dJUS
_fJUS
_2ddc
_n
999 _c23556
_d23556